| 000 | 01359cam a22002891i 4500 | ||
|---|---|---|---|
| 003 | SA-RiAUC | ||
| 005 | 20250308142248.0 | ||
| 008 | 250304s1991 xx g 0000p ara c | ||
| 040 |
_aSA-RiAUC _bara _cSA-RiAUC _erda |
||
| 050 | 4 | _b.D36 1991 | |
| 082 | 0 | 4 |
_a811.062 _qSA-RiAUC |
| 090 |
_a811.062 _b ض م د |
||
| 100 | 1 |
_aالضمدي، محمد بن علي بن عمر، _d883-990 هجري _eمؤلف. |
|
| 245 | 1 | 0 |
_aلامية ابن عمر الضمدي في الاستسقاء / _cنظم محمد بن علي بن عمر الضمدي ؛ تحقيق ودراسة عبد الله بن محمد بن حسين أبو داهش. |
| 250 | _aالطبعة الأولى. | ||
| 264 | 1 |
_a[مكان النشر غير محدد] : _bعبد الله بن محمد بن حسين أبو داهش، _c1991 |
|
| 264 | 3 |
_a[مكان الطبع غير محدد] : _bمطبعة الثغر |
|
| 300 |
_a30 صفحة ؛ _c21 سم |
||
| 336 |
_aنص _btxt _2rdacontent _3كتاب |
||
| 337 |
_aبدون وسيط _bn _2rdamedia |
||
| 338 |
_aمجلد _bnc _2rdacarrier |
||
| 650 | 7 |
_aالشعر العربي _zالسعودية _2aucsh |
|
| 650 | 7 |
_aالأدعية والأوراد _vشعر _2aucsh |
|
| 700 | 1 |
_aأبو داهش، عبد الله محمد حسين، _d1370 هجري- _eمحقق. |
|
| 942 |
_2ddc _cBOOK _n0 |
||
| 949 |
_aSA-JeALM _d250304 _umohamedma123 _n1 |
||
| 999 |
_c6316 _d6316 |
||